| 000 | 00441cam a2200181ua 4500 | ||
|---|---|---|---|
| 020 | _c18.00 | ||
| 041 |
_ahin _h |
||
| 082 |
_a891.43 _bJAW/RA |
||
| 100 | _aJawaharlal, Nehru . | ||
| 245 |
_aRajneeti se door / _cJawaharlal Nehru. _hTextual Documents |
||
| 250 |
_a4 / _b. |
||
| 260 |
_aNew Delhi : _bSasta Sahitya Mandir , _c1964. |
||
| 300 | _a142 ; . | ||
| 365 | _a18.00 | ||
| 504 | _a | ||
| 942 | _cBK | ||
| 999 |
_c12749 _d12749 |
||